00574nam a22001937a 450000500170000000800410001702000300005804000190008804100120010708200150011911000210013424500870015526000430024230000180028565000250030365000300032865000120035885000100037020230203124439.0230203b |||||||| |||| 00| 0 eng d a9781464817304cRs.4000.00 aLoreto College aEnglish a339.2bWOR aWorld Bank Group aFinance for an equitable recoverybWorld development report 2022cWorld Bank Group aWashington D.C.bThe World Bank c2022 axx,257pb24cm aEconomic development aEquality-economic aspects aFinance aLCLIB